000 00794nam a2200277Ia 4500
003 OSt
005 20221006145210.0
006 a|||||r|||| 00| 0
007 ta
008 221006b |||||||| |||| 00| 0 eng d
020 _a056600558 1
_c
_29.50
024 _a14,094
037 _cTextual
040 _aEASL
_cEASL
_beng
041 _2eng
_aeng
082 _aC84, M3
100 _aLAKSHMANAN T R Ed.
_9244307
245 0 _aSystems and models for energy and environmental analysis
260 _aEngland
_bGower
_c1983
300 _a233p.
_ccm.
650 _a Environment
650 _aPower resources-Mathematical models
_9653725
700 _a NIJKAMP Peter Ed.
942 _hC84, M3
_cTEXL
_2CC
999 _c1082180
_d1082180